The Great Game / (Record no. 187052)
[ view plain ]
| 000 -LEADER | |
|---|---|
| fixed length control field | 00513 a2200181 4500 |
| 003 - CONTROL NUMBER IDENTIFIER | |
| control field | Nust |
| 005 - DATE AND TIME OF LATEST TRANSACTION | |
| control field | 20230210090818.0 |
| 020 ## - INTERNATIONAL STANDARD BOOK NUMBER | |
| International Standard Book Number | 0192827995 |
| 040 ## - CATALOGING SOURCE | |
| Transcribing agency | Nust |
| 082 ## - DEWEY DECIMAL CLASSIFICATION NUMBER | |
| Classification number | 958,HOP |
| 100 ## - MAIN ENTRY--PERSONAL NAME | |
| Personal name | Peter Hopkirk |
| 9 (RLIN) | 108820 |
| 245 ## - TITLE STATEMENT | |
| Title | The Great Game / |
| 260 ## - PUBLICATION, DISTRIBUTION, ETC. | |
| Place of publication, distribution, etc. | Pakistan |
| Name of publisher, distributor, etc. | Paf Book |
| 505 ## - FORMATTED CONTENTS NOTE | |
| Formatted contents note | Part.1: The Beginnings (Page-9), Part.2: The Middle years (Page-109), Part.3: The Climactic years (Page-293). |
| 600 ## - SUBJECT ADDED ENTRY--PERSONAL NAME | |
| Personal name | Peter Hopkirk |
| 9 (RLIN) | 108820 |
| 650 ## - SUBJECT ADDED ENTRY--TOPICAL TERM | |
| Topical term or geographic name entry element | The Great Game |
| 9 (RLIN) | 108821 |
| 942 ## - ADDED ENTRY ELEMENTS (KOHA) | |
| Source of classification or shelving scheme | |
| Koha item type | Book |
| Withdrawn status | Lost status | Source of classification or shelving scheme | Damaged status | Not for loan | Permanent Location | Current Location | Shelving location | Date acquired | Total Checkouts | Full call number | Barcode | Date last seen | Date last checked out | Price effective from | Koha item type | Public note |
|---|---|---|---|---|---|---|---|---|---|---|---|---|---|---|---|---|
| Military College of Signals (MCS) | Military College of Signals (MCS) | General Stacks | 12/12/2016 | 1 | 958,HOP | MCS32871 | 10/13/2022 | 09/27/2022 | 12/12/2016 | Book | Almirah No.62, Shelf No.4 |
